Responses for show #542 - Tuesday, January 6, 1987

Keith Bell game 3.

Contestants

David Dickman, a magazine editor from North Hollywood, California

Dale Butland, a press secretary originally from Columbus, Ohio (whose 1-day cash winnings total $2,000)

Keith Bell, a personnel specialist from Alexandria, Virginia (whose 2-day cash winnings total $15,901)

Jeopardy! Round responses

SPORTS
SOAP OPERAS
4-LETTER WORDS
EUROPE
GIANTS
SUDDEN DEATH
    $100 2
(Alex: And it was officially called :softball" in 1933.)

softball

Keith
    $100 9
Donna Mills

Keith
    $100 14
the Cold

Dale
    $100 3
Hungary

Keith
    $100 10
Goliath

David
    $100 1
The Metropolitan Opera House

Dale
    $200 8
fencing

Keith
    $200 27
(Dale: What are All My Children?)
(Keith: What are Days of Our Lives?)

[Note: Alex reads "F." as "Finola" and "A." as "Anna".]

General Hospital

KeithDaleDavid
    $200 15
(Alex: The clue is a very short one.)
---
(Alex: Chemical symbol for it.)

gold

Dale
    $200 4
(Alex: good idea.)

charity

Triple Stumper
    $200 17
Land of the Giants

David
    $200 23
(Alex: We've got a minute to go in the round.)

a mortician

Triple Stumper
    $300 11
20 minutes

David
    $300 28
a flood

Triple Stumper
    $300 16
mold

Keith
    $300 5
(Keith: What is San Marino?)

Spain

Keith
Triple Stumper
    $300 18
Richard Kiel

Triple Stumper
    $300 24
[Note: Alex reads "K." as "Katsumori".]

PT-109

David
    $400 12
schuss

David
    $400 19
(Keith: What is boldface?)
---
(Alex: The category is 4-LETTER WORDS. You gave us 8 letters there, Keith, sorry.)

bold

KeithDavid
    $500 6
Albania

Keith
    $400 22
the Titans

David
    $400 25
a Dead Letter Office

David
    $500 13
Melbourne

David
    $500 20
Told

Keith
    $500 7
(Keith: What is Poland?)

the U.S.S.R. (the Soviet Union)

KeithDavid
    $500 21
Willie McCovey

David
    $500 26
(Alex: The other one is "Live Free or Die".)

Wisconsin

Dale

Scores at the first commercial break (after clue 12):

Keith Dale David
$200 $100 $1,300

Scores at the end of the Jeopardy! Round:

Keith Dale David
$400 $700 $4,200

Double Jeopardy! Round responses

THE CIVIL WAR
INVENTIONS
ODD TOWNS
ROCK 'N ROLL
BIOLOGY
"STEIN"s
    $200 6
the Merrimack

Keith
    $200 19
(Keith: What are clothespins?)

toothpicks

KeithDavid
    $200 1
crank phones

Keith
    $200 8
Sting

David
    $200 12
cocoon

David
    $200 16
George Steinbrenner

David
    $400 7
Abraham Lincoln

Dale
    $400 20
(Alex: We've got a minute to go in the round.)

nitroglycerine

David
    $400 2
(David: What is Rhode Island?)

New Hampshire

David
Triple Stumper
    $400 13
Phil Collins

Keith
    $1,000 14
(Keith: What is they can't sweat?)

fly

Keith
    $400 24
Henry Steinway

David
    $600 9
Sam Houston

Keith
    $600 21
Waterman

David
    $600 3
Ima

Dale
    $600 15
plasma

David
    $1,500 10
Sherman's march through Georgia

Keith
    $800 22
(Keith: Who is Ben Franklin?)

Thomas Jefferson

Keith
Triple Stumper
    $800 4
Wall Drug

Dale
    $800 17
pollen

Keith
    $1000 11
James Buchanan

Keith
    $1000 23
(David: What are cigarettes?)
(Dale: What are cigars?)
---
(Alex: I thought the name Stone might help you. [*].)

straws

DaleDavid
Triple Stumper
    $1000 5
Black

Keith
    $1000 18
melanin

Keith

Scores at the end of the Double Jeopardy! Round:

Keith Dale David
$5,100 $1,500 $5,600

[wagering suggestions for these scores]

Final Jeopardy! Round responses

ASTROLOGY
(Dale: I risked nothing.)
[The wagering portion of his monitor stays blank after his response is revealed.]
DaleWhat is Pisces?
$0
KeithWhat is Pisces?
$5,100
DavidWhat is Cancer
$5,500
Pisces

Final scores:

Keith Dale David
$10,200 $1,500 $100
3-day champion: $26,101 2nd place: trip to New Orleans + stay at the Bienville House 3rd place: Daniel Mink watches

Game dynamics:

Coryat scores:

Keith Dale David
$5,300 $1,500 $5,600
16 R
(including 2 DDs),
7 W
(including 1 DD)
7 R,
2 W
20 R,
2 W

Combined Coryat: $12,400

The J! Archive is created by fans, for fans. The Jeopardy! game show and all elements thereof, including but not limited to copyright and trademark thereto, are the property of Jeopardy Productions, Inc. and are protected under law. This website is not affiliated with, sponsored by, or operated by Jeopardy Productions, Inc. Join the discussion at JBoard.tv.